| 000 | 01177nam a2200301 a 4500 | ||
|---|---|---|---|
| 001 | 000013688 | ||
| 003 | DO-SdBNP | ||
| 005 | 20250213093814.0 | ||
| 007 | ta | ||
| 008 | 091127s2005 dr 000 j spa d | ||
| 020 | _a9993448214 | ||
| 040 |
_aDO-SdBNP _bspa _cBNPHU _erda |
||
| 082 | 4 |
_aRD864.44 _bN964d _222 |
|
| 100 | 1 |
_aNúñez Báez, Santiago, _d1967- _eautor _4aut. _931124 |
|
| 245 | 1 | 3 |
_aLa decisión de Sara y otros relatos / _cSantiago Núñez Báez. |
| 264 |
_aSanto Domingo : _bEditora UNIBE, _c2005. |
||
| 300 |
_a80 páginas ; _c22 cm. |
||
| 336 |
_atexto _btxt _2rdacontent |
||
| 337 |
_asin mediación _bn _2rdamedia |
||
| 338 |
_avolumen _2rdacarrier _bnc |
||
| 500 | _aIncluye datos biográficos del autor en la solapa de la cubierta. | ||
| 505 | 0 | _aLas meninas de Velázquez -- Mujer con palomas, óleo sobre tela, 24 x 10 -- Recurrencias -- La lista de Danny -- Love story -- Mentiras -- no tomarás ese maldito teléfono -- Monosílabos -- La decisión de Sara. | |
| 590 | _aInventariado /2023 LP | ||
| 650 | 4 |
_aCuentos dominicanos _9176 |
|
| 650 | 4 |
_aLiteratura dominicana. _967 |
|
| 910 | _aValidado. Control de calidad MFF | ||
| 942 |
_2ddc _cLBS1 |
||
| 999 |
_c13301 _d13301 |
||